A romák társadalmi helyzete és integrációja

A kísérleti tananyag a szerző korábbi kutatásaira és írásaira támaszkodva a Magyarországon élő roma közösségek társadalmi múltját és jelenlegi helyzetét mutatja be.

Elmentve itt :
Bibliográfiai részletek
Szerző: Kállai Ernő
Dokumentumtípus: Könyv
Megjelent: 2019
Tárgyszavak:
Online Access:http://eta.bibl.u-szeged.hu/3151
LEADER 00932nnm a2200217 i 4500
001 eta3151
005 20200709115047.0
008 200709s2019 hu o 0|| hun d
040 |a SZTE Elektronikus Tananyag Archívum  |b hun 
041 |a hun 
100 1 |a Kállai Ernő 
245 1 2 |a A romák társadalmi helyzete és integrációja  |h [elektronikus dokumentum] /  |c  Kállai Ernő 
260 |c 2019 
300 |a 78 
516 |a Book 
520 3 |a A kísérleti tananyag a szerző korábbi kutatásaira és írásaira támaszkodva a Magyarországon élő roma közösségek társadalmi múltját és jelenlegi helyzetét mutatja be. 
650 4 |a Társadalomtudományok 
650 4 |a Szociológia 
650 4 |a Szociológia 
650 4 |a Társadalomszerkezet, egyenlőtlenségek, társadalmi mobilitás, etnikumközi kapcsolatok 
856 4 0 |u https://eta.bibl.u-szeged.hu/3151/1/romak_tarsadalmi_helyzete_es_integracioja.pdf  |z Dokumentum-elérés